00503nam a2200145Ia 4500008004100000100001700041245012000058245003800178260004700216260001300263300002500276500001300301650002300314650002000337170224s9999 xx 000 0 und d aBjorn Nansen aInfants, Interfaces, and Intermediation: Digital Parenting and the Production of “iPad Baby” Videos on YouTube  cBjorn Nansen & Darshana Jayemanne bJournal of Broadcasting & Electronic Media cDecember a60:4, Pages: 587-603 aDecember xCommunication Arts xMultimedia Arts